Les départements produisant le plus d'énergies renouvelables - Statistiques

Statistiques générales
  • Ce quiz a été pris 212 fois
    13 depuis la dernière actualisation
  • Le résultat moyen est 10 sur 20
Statistiques - réponses
Département Puissance (MW) % Correct
Nord 868,8
92%
Seine-Maritime 1217,4
83%
Landes 1154,2
75%
Gironde 1197,0
67%
Pas-de-Calais 1794,0
67%
Aisne 1609,3
58%
Oise 1020,7
58%
Eure-et-Loir 1037,7
50%
Marne 1720,2
50%
Somme 2620,8
50%
Vendée 1157,0
50%
Bouches-du-Rhône 919,5
42%
Côtes d'Armor 1202,3
42%
Hérault 974,2
42%
Loire-Atlantique 1500,8
42%
Aube 1238,7
25%
Aude 926,2
25%
Aveyron 884,2
25%
Deux-Sèvres 991,1
25%
Vienne 1015,5
17%
Aucun quiz correspondant
Distribution des résultats
% des personnes avec chaque résultat
Percentile par nombre de réponses
Votre historique - résultats
Vous n’avez pas pris ce quiz depuis la dernière actualisation